000 00287nam a22001217a 4500
008 170612b xxu||||| |||| 00| 0 eng d
041 _aeng
080 _a32
100 _a19
101 _aSHP
245 _aA NEW U.S POLICY TOWARD INDIA AND PAKISTAN
_cHAAS.R.N
942 _2udc
_cBK
999 _c16819
_d16819